Coletânea de legislação administrativa : (Record no. 1296)

MARC details
000 -LÍDER
Campo Fixo de Controle 01056nam a2200301 a 4500
001 - NÚMERO DE CONTROLE
Campo de Controle 1296
003 - IDENTIFICAÇÃO DO NÚMERO DE CONTROLE
Campo de Controle BR-CuiBMT
005 - DATA E HORA DA ÚLTIMA ATUALIZAÇÃO
Campo de Controle 20231212203255.0
008 - DADOS FIXOS
Dados Fixos 231109s2012 spb 001 0 por d
020 ## - INTERNATIONAL STANDARD BOOK NUMBER
Nº do ISBN 9788520341278
040 ## - AGÊNCIA CATALOGADORA
Código da Agência Catalogadora BR-CuiBMT
Agência que transcreveu o registro BR-CuiBMT
080 ## - Nº DA CLASSIFICAÇÃO DECIMAL UNIVERSAL
Nº edição CDU 2007
Nº Class. CDU 342.9
090 ## - NÚMERO DE CHAMADA
Nº classificação 342.9
Cutter C694
Ano/Edição 12. ed.
245 00 - TÍTULO PRINCIPAL
Título principal Coletânea de legislação administrativa :
Meio (DGM) braille
Subtítulo Constituição Federal /
Indicação de responsabilidade organização Odete Medauar.
250 ## - EDIÇÃO
Edição 12. ed., rev., ampl. e atual.
260 ## - PUBLICAÇÃO, DISTRIBUIÇÃO, ETC.
Local de publicação São Paulo :
Editora Saraiva,
Data c2012.
300 ## - DESCRIÇÃO FÍSICA
N. páginas ou volumes 1453 p. ;
Dimensões 17 cm
490 1# - INDICAÇÃO DE SÉRIE
Título da série Coleção RT minicódigos
500 ## - NOTAS GERAIS
Notas gerais Edição revista, ampliada e atualizada até 14.12.2011.
500 ## - NOTAS GERAIS
Notas gerais Inclui índice.
650 ## - ASSUNTO TÓPICO
Cabeçalho tópico ou nome geográfico Direito administrativo
Subdivisão de forma Legislação
Subdivisão geográfica Brasil
650 ## - ASSUNTO TÓPICO
Cabeçalho tópico ou nome geográfico Administração pública
Subdivisão de forma Legislação
Subdivisão geográfica Brasil
650 ## - ASSUNTO TÓPICO
Cabeçalho tópico ou nome geográfico Agência reguladora
Subdivisão de forma Legislação
Subdivisão geográfica Brasil
650 ## - ASSUNTO TÓPICO
Cabeçalho tópico ou nome geográfico Probidade administrativa
Subdivisão de forma Legislação
Subdivisão geográfica Brasil
700 1# - ENTRADA SECUNDÁRIA -- NOME PESSOAL
Nome pessoal Medauar, Odete
Cód. do termo explicativo org.
830 #0 - ENTRADA SECUNDÁRIA DE SÉRIE -- TÍTULO UNIFORME
Título uniforme Coleção RT minicódigos
942 ## - ELEMENTOS DE ENTRADA ADICIONAIS (KOHA)
Fonte de classificação ou esquema de arquivamento Classificação Decimal Universal
Tipo de item do Koha Livros
Holdings
Estado: removido Estado: perdido Fonte de classificação ou esquema de arquivamento Estado: danificado Indisponível para empréstimo Localização permanente Localização atual Data de aquisição Total Checkouts Número de Chamada completo Código de barras Date last seen Número do exemplar Preço efetivo a partir de Tipo de item (Koha)
    Classificação Decimal Universal     Biblioteca da Escola Superior de Contas do TCE/MT Biblioteca da Escola Superior de Contas do TCE/MT 04/12/2023   342.9 C694 12. ed. BIBTCEMT23120120 04/12/2023 Ex. 1 04/12/2023 Livros

Powered by Koha